Introducción a los estudios históricos
Furkejuvvon:
| Váldodahkkit: | , |
|---|---|
| Materiálatiipa: | Girji |
| Giella: | espánnjágiella |
| Almmustuhtton: |
Buenos Aires
La Pléyade
1972
|
| Fáttát: | |
| Fáddágilkorat: |
Lasit fáddágilkoriid
Eai fáddágilkorat, Lasit vuosttaš fáddágilkora!
|
MARC
| LEADER | 00000cam a2200000 a 4500 | ||
|---|---|---|---|
| 001 | UCF0009 | ||
| 003 | CL-VaPUC | ||
| 008 | 120420e19720000AG |||||||||||||||||spa|d | ||
| 082 | 0 | 4 | |a 907.2 |b LAN |2 21 |
| 100 | |a Langlois, Charles Victor |e author |9 561810 | ||
| 700 | 0 | |a Seignobos, C |e author |9 561811 | |
| 245 | 1 | 0 | |a Introducción a los estudios históricos |
| 300 | |a 237 p | ||
| 942 | |c BK | ||
| 945 | |d 20120420 00:00:00 |a dcastane | ||
| 260 | |a Buenos Aires |b La Pléyade |c 1972 | ||
| 650 | 0 | |a Historiografía |9 257871 | |
| 650 | 0 | |a Métodos de investigación |9 262618 | |
| 650 | 0 | |a Estudio y enseñanza |9 270395 | |
| 583 | |a last modification |c 20120903 04:08:40 |k Rodrigo Vera | ||
| 999 | |c 347531 |d 347529 | ||
| 952 | |0 0 |1 0 |4 0 |6 907_200000000000000_LAN_1972 |7 0 |8 A |9 448938 |a BIBHIS |b BIBHIS |d 2019-11-22 |i 4854799 |o 907.2 LAN 1972 |p 4854799 |r 2025-01-20 |w 2019-11-22 |y BK |k HIS | ||